Official UN Languages - Sudden Death - Statistics

General Stats
  • This quiz has been taken 65 times
  • The average score is 4 of 6
Answers on the Grid
Answers color-coded by a green-red scale on the quiz's grid according to % correct below.
Arabic
Burmese
Chinese
Danish
German
English
Russian
Hindi
Italian
French
Japanese
Spanish
Korean
Dutch
 
Answer Stats
Answer % Correct
Arabic
81%
English
81%
Spanish
68%
Chinese
66%
French
64%
Russian
53%
No matching quizzes found
Score Distribution
Percent of People with Each Score
Percentile by Number Answered
Your Score History
You have not taken this quiz